00764nam a2200229 a 450000100060000000300090000600500170001500800410003201500210007302000180009404000280011208200160014010000240015624501640018026000480034430000260039265000230041865000250044165000270046670000270049385200140052024852CO-ViMGA20230915232021.0141112s2004 ck r 000 u spa d ack - 2010 - xxxx a9789584524270 aCO-ViMGAbspacCO-ViMGA04a155.4 P15d1 aPantley, Elizabeth.10aDisciplina sin llanto : bmaneras amables de promover un buen comportamiento sin lágrimas ni pataletas / cElizabeth Pantley ; traducción Beatriz Vejarano. aBogotá : bGrupo Editorial Norma, c2010. axiv, 262 p. ; 23 cm.14aCrianza de niños14aDisciplina infantil 14aRelaciones familiares 1 aVejarano, Beatriz, tr.  17.648.30